MARC

LEADER 00000nas a2200000 a 4500
001 ssj0007374
003 WaSeSS
005 20200512172242.0
006 m d
007 cr n
008 970828d19972002cauqr p s 0 a0eng c
010 |a sn 97048152  
022 |l 1097-5268  |y 1097-5268 
035 |a (WaSeSS)ssj0007374 
037 |b Whole Earth, 1408 Mission Ave., San Rafael, CA 94901 
040 |a MSA  |b eng  |c MSA  |d WAU  |d NSD  |d IUL  |d WAU  |d IUL  |d SYS  |d INU  |d CUI  |d U9S  |d GUA  |d OCLCQ  |d OCLCF  |d OCLCO  |d OCLCQ  |d TEU  |d OCLCO  |d WaSeSS 
042 |a pcc  |a nsdp 
050 0 0 |a AP2  |b .C636 
082 1 0 |a 051  |2 12 
130 0 |a Whole earth (San Rafael, Calif.) 
210 0 |a Whole earth  |b (San Rafael Calif.) 
222 0 |a Whole earth  |b (San Rafael, Calif.) 
245 1 0 |a Whole earth  |h [electronic resource]. 
260 |a San Rafael, CA :  |b Point,  |c 1997- 
310 |a Quarterly 
362 0 |a No. 90 (summer 1997)- 
362 1 |a Ceased with no. 110 (winter 2002). 
500 |a Title from cover. 
506 |a License restrictions may limit access. 
580 |a Issue for winter 1998 also called: 30th anniversary edition, Whole earth catalog. 
588 |a Latest issue consulted: No. 110 (winter 2002). 
650 0 |a Ecology  |v Periodicals. 
650 0 |a Appropriate technology  |v Periodicals. 
650 0 |a Human ecology  |v Periodicals. 
650 6 |a Écologie  |v Périodiques. 
650 6 |a Technologie appropriée  |v Périodiques. 
650 6 |a Écologie humaine  |v Périodiques. 
650 7 |a Appropriate technology.  |2 fast  |0 (OCoLC)fst00811814 
650 7 |a Ecology.  |2 fast  |0 (OCoLC)fst00901476 
650 7 |a Human ecology.  |2 fast  |0 (OCoLC)fst00962941 
655 0 |a Electronic journals. 
780 0 0 |t Whole earth review  |x 0749-5056  |w (DLC) 85642086  |w (OCoLC)11128532 
850 |a InU  |a WaU 
853 3 3 |8 1  |a no.  |i (year)  |j (season) 
856 4 0 |z Full text available from Research Library: 01/01/1997 to 10/31/2002  |u https://search.proquest.com/publication/47711 
863 3 0 |8 1  |a <90>-  |i <1997>-  |x provisional